000 00416nam a2200181Ia 4500
001 2580
005 20260306144817.0
008 260306t1985||||xx |||||||||||||| ||spa||
041 _aESP
082 _a616.89152
_bG92
100 _aNacher, P. Guillem
_eAUT
245 0 _aDel diván al círculo
260 _c1985
300 _a190 páginas :
_ccm.
650 _aGEN
654 _aCPS
942 _cLIB
_dJUS
_fJUS
_2ddc
_n
999 _c2580
_d2580